Out of Eden : The Eden Project companion.

محفوظ في:

مؤلف مشترك: Eden Project (St. Austell, England)

مؤلفون آخرون: Petty, Mike., Readman, Jo.

التنسيق: كتاب

اللغة: English

منشور في: London : Eden Project, 2005.

الموضوعات:

الوسوم: إضافة وسم

لا توجد وسوم, كن أول من يضع وسما على هذه التسجيلة!

رقم الطلب: S944.5 .C67 O98

LEADER 00809nam a22002657a 4500
003 OSt
005 20251124113034.0
008 251124t2005 enka 001 0 eng d
020 |a 1903919266 (pbk) 
040 |c ARCE Library 
050 1 4 |a S944.5 .C67   |b O98 
245 0 0 |a Out of Eden :   |b The Eden Project companion. 
264 1 |a London :   |b Eden Project,   |c 2005. 
300 |a 239 p. :   |b col. ill. ;   |c 25 cm. 
500 |a "Editors: Mike Petty, Dr. Jo Readman"--p. 234. 
500 |a Includes index.  
650 0 |a Biodiversity conservation. 
650 0 |a Conservation of natural resources. 
650 0 |a Eden Project (St. Austell, England) 
700 1 |a Petty, Mike.  
700 1 |a Readman, Jo.  
710 2 |a Eden Project (St. Austell, England) 
901 |a reviewed 
942 |2 lcc  |c BK 
999 |c 49259  |d 49259